|
|
|
|
| LEADER |
00000nam a22000007a 4500 |
| 005 |
20181227104652.0 |
| 007 |
cr|||| ||| |
| 008 |
181227s2018 co |||||s|||| 00||0 spa d |
| 020 |
|
|
|a 978-958-784-084-1
|
| 035 |
|
|
|a 22644
|
| 040 |
|
|
|a vLex
|
| 090 |
|
|
|c 8384
|d 8384
|
| 100 |
1 |
|
|a Gm̤ez Rey, Andrš
|
| 245 |
1 |
0 |
|a Caja de herramientas del sector minero: formas de legalizar
|h [Recurso electrn̤ico] /
|c Andrš Gm̤ez Rey
|
| 256 |
|
|
|a Servicio en ln̕ea
|
| 260 |
|
|
|a Bogot:̀
|b Editorial Universidad de Rosario (Colombia),
|c 2018
|
| 300 |
|
|
|a 1 recurso electrn̤ico
|
| 500 |
|
|
|a Este libro describe empr̕ica y tčnicamente las formas de legitimacin̤ legal diseądas por el Estado colombiano para lograr incluir en el cumplimiento normativo a aquellos mineros que por diversas razones no atienden los requisitos impuestos. La obra est ̀dividida en tres capt̕ulos: en el primero se expone la posible clasificacin̤ de la minera̕ para mostrar las diferentes formas de observar a las personas que se dedican a esta actividad, trayendo entonces a colacin̤ la minera̕ legal y la ilegal, la formal y la informal, la categorizacin̤ segn︢ la propiedad de los recursos, su tamaǫ (subsistencia, pequeą, mediana y gran minera̕); en el segundo capt̕ulo se muestran los requisitos generales que el ordenamiento jurd̕ico le ha impuesto a la actividad minera, tratǹdose este aparte de una extensin̤ de lo ya sustentando por el mismo autor y otros en el libro La minera̕ en pr̀amos, humedales y reservas forestales; y, finalmente, en el tercer capt̕ulo se presentan las formas de legitimacin̤ existentes donde se tratarǹ las r̀eas de reserva especial, los procesos de legalizacin̤ de la minera̕ tradicional, los procesos de legalizacin̤ de la minera̕ de hecho y los subcontratos, entre otros temas.
|
| 506 |
1 |
|
|a Disponible solo en los productos indicados
|d vLex Global
|d vLex Global (Academic Edition, excluding Law Schools)
|d vLex Global (U.S. Academic Edition, Law Schools)
|d vLex Global (U.S. Academic Edition, excluding Law Schools)
|d vLex Global (Academic Edition, Law Schools)
|
| 650 |
0 |
4 |
|a Derecho del Medio Ambiente
|z Colombia
|
| 740 |
0 |
|
|a vLex Libros (Servicio en ln̕ea)
|
| 856 |
4 |
0 |
|u http://vlex.com/source/caja-de-herramientas-del-sector-minero-formas-de-legalizar-22644
|z Acceso restringido
|
| 942 |
|
|
|c BOOK
|
| 999 |
0 |
|
|a Environmental Law
|